Quizzes
Events
Quiz Creation
Community
Videos
Private Events
Remove Ads
Sign In
Join for FREE
Feedback
Dark Mode
Quiz Categories
Sports
Geography
Music
Movies
Television
Just For Fun
Miscellaneous
History
Literature
Language
Science
Gaming
Entertainment
Religion
Holiday
For Kids
Quiz Lab
Recent
Popular Today
Quiz Kudos Today
Editor Picks
Curator Picks
Quizzes by...
Day
Popularity
Type
Ratings
Length
Year
Community
Subscriptions
Recent Discussions
Orange Saloon
Badges
Playlists
Quests
Create
Leaderboards
Showdown
Live 5
Trivia Bingo
Activity
Puzzle Library
Sporcle Events
Private Events
Virtual Trivia
Globe League
Become a Host
Pub Owners
SporcleCon
Opinionation
Our Games
Videos
Blog
Mobile Apps
Partnerships
Remove Ads and Go Orange
Feedback
Sports
Athletes
MLB
NBA
NHL
NFL
Soccer
Sports Teams
WWE
NCAA
Football
Premier League
Basketball
Baseball
Hockey
Golf
Tennis
Cricket
Rugby
Auto Racing
Olympics
World Cup
Sports
Athletes
MLB
NBA
NHL
NFL
Soccer
Sports Teams
WWE
NCAA
Football
Premier League
Basketball
Baseball
Hockey
Golf
Tennis
Cricket
Rugby
Auto Racing
Olympics
World Cup
Random Quiz
Search Sporcle
×
Quiz Lab
Quiz Lab
Sports
Player
Type in answers that appear in a list
Type in answers that appear in a list
Classic
Best Score? Go Orange.
Yankee Players With A 20+ HR Season Stats
Can you name the Yankee players to have 20+ HR in a season?
By
lukemaltais
20m
261 Questions
202 Plays
202 Plays
202 Plays
Comments
Comments
Give Quiz Kudos
Give Quiz Kudos
-
- Ratings
hide this ad
Replay
Link that replays current quiz
Next Quiz
Link to next quiz in quiz playlist
You Got
0%
They Got
Avg Score
74%
Avg Friend Score
Upgrade to see
Score Distribution
Jump to the score distribution portion of the page
Score
0/261
Timer
20:00
0
Plays Today
Year & Position
Player
% Correct
2017
Aaron Judge
100%
2021
Aaron Judge
100%
2019
Aaron Judge
100%
2018
Aaron Judge
100%
1933
Babe Ruth
97.5%
1932
Babe Ruth
97.5%
1931
Babe Ruth
97.5%
1930
Babe Ruth
97.5%
1929
Babe Ruth
97.5%
1928
Babe Ruth
97.5%
1927
Babe Ruth
97.5%
1926
Babe Ruth
97.5%
1924
Babe Ruth
97.5%
1923
Babe Ruth
97.5%
1922
Babe Ruth
97.5%
1921
Babe Ruth
97.5%
1920
Babe Ruth
97.5%
1934
Babe Ruth
97.5%
1925
Babe Ruth
97.5%
2010
Alex Rodriguez
97%
2009
Alex Rodriguez
97%
2008
Alex Rodriguez
97%
2007
Alex Rodriguez
97%
2006
Alex Rodriguez
97%
2005
Alex Rodriguez
97%
2004
Alex Rodriguez
97%
2003
Jorge Posada
97%
2015
Alex Rodriguez
97%
2009
Jorge Posada
97%
2007
Jorge Posada
97%
2006
Jorge Posada
97%
2004
Jorge Posada
97%
2002
Jorge Posada
97%
2001
Jorge Posada
97%
2000
Jorge Posada
97%
2012
Robinson Cano
96.5%
1964
Mickey Mantle
96.5%
1962
Mickey Mantle
96.5%
1961
Mickey Mantle
96.5%
1960
Mickey Mantle
96.5%
1959
Mickey Mantle
96.5%
1958
Mickey Mantle
96.5%
1957
Mickey Mantle
96.5%
1956
Mickey Mantle
96.5%
1955
Mickey Mantle
96.5%
2011
Robinson Cano
96.5%
2010
Robinson Cano
96.5%
2009
Robinson Cano
96.5%
1967
Mickey Mantle
96.5%
1966
Mickey Mantle
96.5%
1954
Mickey Mantle
96.5%
1953
Mickey Mantle
96.5%
1952
Mickey Mantle
96.5%
2013
Robinson Cano
96.1%
2011
Mark Teixeira
96%
2010
Mark Teixeira
96%
2009
Mark Teixeira
96%
2015
Mark Teixeira
96%
2014
Mark Teixeira
96%
2012
Mark Teixeira
96%
2004
Derek Jeter
96%
2001
Derek Jeter
96%
1999
Derek Jeter
96%
1937
Lou Gehrig
95%
1936
Lou Gehrig
95%
1935
Lou Gehrig
95%
1934
Lou Gehrig
95%
1933
Lou Gehrig
95%
1932
Lou Gehrig
95%
1931
Lou Gehrig
95%
1930
Lou Gehrig
95%
1929
Lou Gehrig
95%
1927
Lou Gehrig
95%
1938
Lou Gehrig
95%
1928
Lou Gehrig
95%
1925
Lou Gehrig
95%
1956
Yogi Berra
94%
1952
Yogi Berra
94%
1961
Yogi Berra
94%
1958
Yogi Berra
94%
1957
Yogi Berra
94%
1955
Yogi Berra
94%
1954
Yogi Berra
94%
1953
Yogi Berra
94%
1951
Yogi Berra
94%
1950
Yogi Berra
94%
1949
Yogi Berra
94%
Year & Position
Player
% Correct
2021
Giancarlo Stanton
93.8%
2019
Gleyber Torres
93.8%
2018
Gleyber Torres
93.8%
2018
Giancarlo Stanton
93.8%
2000
Bernie Williams
93.5%
1962
Roger Maris
93.5%
1961
Roger Maris
93.5%
1960
Roger Maris
93.5%
2012
Russell Martin
93.5%
2004
Bernie Williams
93.5%
2001
Bernie Williams
93.5%
1999
Bernie Williams
93.5%
1998
Bernie Williams
93.5%
1997
Bernie Williams
93.5%
1996
Bernie Williams
93.5%
1964
Roger Maris
93.5%
1963
Roger Maris
93.5%
2017
Gary Sanchez
93.3%
1987
Don Mattingly
93%
1986
Don Mattingly
93%
1985
Don Mattingly
93%
1989
Don Mattingly
93%
1984
Don Mattingly
93%
2012
Curtis Granderson
92.5%
2011
Curtis Granderson
92.5%
1950
Joe DiMaggio
92.5%
1948
Joe DiMaggio
92.5%
1941
Joe DiMaggio
92.5%
1939
Joe DiMaggio
92.5%
1938
Joe DiMaggio
92.5%
1937
Joe DiMaggio
92.5%
2010
Curtis Granderson
92.5%
1947
Joe DiMaggio
92.5%
1946
Joe DiMaggio
92.5%
1942
Joe DiMaggio
92.5%
1940
Joe DiMaggio
92.5%
1936
Joe DiMaggio
92.5%
2001
Tino Martinez
92%
1997
Tino Martinez
92%
1999
Tino Martinez
92%
1998
Tino Martinez
92%
1996
Tino Martinez
92%
2001
Paul O'Neill
91%
1998
Paul O'Neill
91%
1997
Paul O'Neill
91%
1995
Paul O'Neill
91%
1994
Paul O'Neill
91%
1993
Paul O'Neill
91%
1980
Reggie Jackson
90.5%
1977
Reggie Jackson
90.5%
1979
Reggie Jackson
90.5%
1978
Reggie Jackson
90.5%
2016
Brian McCann
90.3%
2008
Jason Giambi
90%
2006
Jason Giambi
90%
2005
Jason Giambi
90%
2003
Jason Giambi
90%
2003
Alfonso Soriano
90%
2002
Jason Giambi
90%
2002
Alfonso Soriano
90%
2017
Didi Gregorius
90%
2015
Brian McCann
89.6%
2014
Brian McCann
89.6%
2017
Brett Gardner
88.9%
1973
Thurman Munson
88.6%
1977
Graig Nettles
88.1%
1976
Graig Nettles
88.1%
1983
Graig Nettles
88.1%
1979
Graig Nettles
88.1%
1978
Graig Nettles
88.1%
1975
Graig Nettles
88.1%
1974
Graig Nettles
88.1%
1973
Graig Nettles
88.1%
2016
Didi Gregorius
87.9%
2016
Gary Sanchez
87.9%
2021
Gary Sanchez
87.5%
2019
Gary Sanchez
87.5%
2019
Brett Gardner
87.5%
2009
Hideki Matsui
86.6%
2007
Hideki Matsui
86.6%
2005
Hideki Matsui
86.6%
1983
Dave Winfield
84.1%
1982
Dave Winfield
84.1%
1988
Dave Winfield
84.1%
1987
Dave Winfield
84.1%
1986
Dave Winfield
84.1%
1985
Dave Winfield
84.1%
Year & Position
Player
% Correct
2020
Luke Voit
81.3%
2019
Luke Voit
81.3%
2018
Didi Gregorius
81.3%
1939
Bill Dickey
79.6%
1938
Bill Dickey
79.6%
1937
Bill Dickey
79.6%
1936
Bill Dickey
79.6%
2005
Gary Sheffield
79.1%
2004
Gary Sheffield
79.1%
1963
Elston Howard
79.1%
1962
Elston Howard
79.1%
1961
Elston Howard
79.1%
2009
Johnny Damon
77.6%
2006
Johnny Damon
77.6%
2012
Nick Swisher
74.6%
2011
Nick Swisher
74.6%
2010
Nick Swisher
74.6%
2009
Nick Swisher
74.6%
2016
Starlin Castro
72.7%
1986
Rickey Henderson
71.1%
1985
Rickey Henderson
71.1%
2016
Carlos Beltran
69.7%
2019
D.J. LeMahieu
68.8%
1972
Bobby Murcer
68.7%
1973
Bobby Murcer
68.7%
1971
Bobby Murcer
68.7%
1970
Bobby Murcer
68.7%
1969
Bobby Murcer
68.7%
1970
Roy White
67.2%
1993
Danny Tartabull
66.7%
1998
Darryl Strawberry
66.7%
1992
Danny Tartabull
66.7%
2008
Bobby Abreu
65.7%
1941
Joe Gordon
64.7%
1940
Joe Gordon
64.7%
1939
Joe Gordon
64.7%
1938
Joe Gordon
64.7%
1985
Don Baylor
62.7%
1984
Don Baylor
62.7%
1983
Don Baylor
62.7%
2018
Aaron Hicks
62.5%
1993
Mike Stanley
62.2%
1966
Joe Pepitone
58.2%
1925
Bob Meusel
58.2%
1969
Joe Pepitone
58.2%
1964
Joe Pepitone
58.2%
1963
Joe Pepitone
58.2%
1921
Bob Meusel
58.2%
1987
Mike Pagliarulo
57.7%
1986
Mike Pagliarulo
57.7%
2019
Gio Urshela
56.3%
2018
Miguel Andujar
56.3%
1975
Bobby Bonds
56.2%
2002
Robin Ventura
56.2%
1962
Bill Skowron
56.2%
1961
Bill Skowron
56.2%
1960
Bill Skowron
56.2%
1956
Bill Skowron
56.2%
1992
Matt Nokes
54.7%
1991
Matt Nokes
54.7%
2000
David Justice
53.7%
1950
Johnny Mize
49.3%
1991
Roberto Kelly
48.8%
1990
Jesse Barfield
46.8%
1946
Charlie Keller
43.8%
1943
Charlie Keller
43.8%
1941
Charlie Keller
43.8%
1991
Kevin Maas
43.8%
1990
Kevin Maas
43.8%
1942
Charlie Keller
43.8%
1940
Charlie Keller
43.8%
1941
Tommy Henrich
42.3%
1949
Tommy Henrich
42.3%
1948
Tommy Henrich
42.3%
1938
Tommy Henrich
42.3%
1979
Jim Spencer
40.3%
1956
Hank Bauer
39.8%
1955
Hank Bauer
39.8%
1988
Jack Clark
38.3%
1966
Tom Tresh
37.3%
1965
Tom Tresh
37.3%
1963
Tom Tresh
37.3%
1962
Tom Tresh
37.3%
1982
Roy Smalley
29.4%
1961
Johnny Blanchard
23.4%
1939
George Selkirk
22.4%
1944
Nick Etten
19.4%
Quiz Playlist
Details
Report
Send in Message
Add To Playlist
Classic:
Type in answers that appear in a list
Last Updated: Nov 21, 2021
Quiz Scoreboard
CHALLENGE
Sign Up to Join the Scoreboard
Show All
Scores
Hide
Comments
May contain spoilers
Recently Published
An Introduction to Baseball
by treessimontrees
Sports
5m
Movies - When Are They Set?
by FPL_Elf
Movies
5m
Popular People in 1961
by mucciniale
History
6m
More to Explore
Quiz From the Vault
Featured Blog Post
Where Did the Easter Bunny Come From?
hide this ad
You Might Also Like...
Tags
Player
season
total
Today's Top Quizzes in Sports
Browse Sports
hide this ad
Today's Top Quizzes in Player
Browse Player
Top Contributed Quizzes in Sports
1
Les meilleurs buteurs des matchs entre le PSG et l’OM
2
2022 World Cup Stars
3
FIFA Club World Cup Champions
4
Les entraîneurs de l'OM et du PSG au 21e siècle
5
Name the Premier League winners with different clubs
6
La finale Lions - Afrique du Sud 2021
7
Criteria MLB: Left Handed Sluggers
8
Les joueurs passés par le LOSC et le RC Lens
9
Players with Multiple 50 Home Run Seasons
10
MLB Players with Two .350 Batting Average Seasons
Explore More
Trending Topics
Harry Potter
Marvel
Disney
Kpop
Crossword
Anime
NBA
Country
WWE
Soccer
Puzzle
Song
Pokémon
NFL
The Office
hide this ad
More By:
lukemaltais
Quiz
Plays
Rating
Category
Featured
Created
MLB Players with 50+ HR & 140+ RBI
76,773
4.56
Sports
Sep 2, 2015
Players with Multiple 50 Home Run Seasons
48,052
4.14
Sports
Aug 30, 2022
Skillful MLB Teammates
22,824
4.67
Sports
May 1, 2016
MLB Players With Consecutive 50+ HR Seasons
22,581
4.74
Sports
Dec 9, 2020
MLB Teams Backwards
21,798
3.23
Sports
Feb 1, 2016
Go to Creator's Profile
Score Distribution
Quiz Creator Spotlight
lukemaltais
Follow
Send a Message
Quizzes Created
-
Created Quiz Play Count
-
More By This Creator
Popular Quizzes Today
1
Find the Countries of Europe - No Outlines Minefield
2
Find the US States - No Outlines Minefield
3
The Countries of the World
4
Popular People in 1961
5
US States
6
1-10 Letter E Words III
7
Find the US States
8
Risky Map Clicking: Biggest States A-Z
More Sports Quizzes
Click the clubs of Eddie Johnson
Quiz Lab
Trending Quizzes
Risky Map Clicking: Least Populous States A-Z
1-10 Letter F Words
1-10 Letter G Words
One Thing in Common: United Kingdom
Risky Map Clicking: Next State Alphabetically
Recently Updated
Leaping Animals
pecheneg
Reality TV Shows (A-Z)
bhenderson79
Rickey Henderson's Hall of Fame Teammates
pecheneg
Champions League XIs: Arsenal
pecheneg
Quick Pick: Celebrities in WWE's Hall of Fame
aduchscher
A-Z Keypad Blitz II
pecheneg
Multiple Oscar Actors
pecheneg
Mystery Phrase Blitz: Oscar 'Best Actors'
pecheneg
F. Scott Fitzgerald Novels
LTH
Pick 3 Villains
ddd62291
Trending Topics
Kpop
Harry Potter
Anime
Crossword
Marvel
Disney
NBA
Pokémon
Song
Country
The Office
NFL
WWE
Soccer
Puzzle
Your Account Isn't Verified!
In order to create a playlist on Sporcle, you need to verify the email address you used during registration. Go to your
Sporcle Settings
to finish the process.
Report this User
Report this user for behavior that violates our
Community Guidelines
.
Details:
Send Report
Go to the Sporcle.com Mobile Site →
Comments